Quiz sur des films&séries - Statistiques

Statistiques générales
  • Ce quiz a été pris 271 fois
  • Le résultat moyen est 5 sur 10
Statistiques - réponses
Question Réponse % Correct
Qui a réalisé "Kill Bill" ? Quentin TARANTINO
84%
Comment est filmée la série "Adolescence" ? Uniquement en plan séquence
76%
Dans quel film ne joue pas Will Smith ? Creed 3
69%
Qui a joué le jeune Anakin Skywalker ? Jake Lloyd
57%
Pourquoi Macaulay Culkin a-t-il arrêté sa carrière ? A cause des conflits de ses parents sur son argent
45%
En quelle année sortira le cinquième film de la saga "Avatar" ? 2031
40%
Combien y'a-t-il eu de films Star Wars ? 12
36%
Qui a aidé à la fondation de Pixar ? Steve JOBS
33%
Quel acteur français joue dans le film "The Da Vinci Code" ? Audrey Tautou
20%
En quelle année est sorti "The Shining" ? 1980
14%
Aucun quiz correspondant
Distribution des résultats
% des personnes avec chaque résultat
Percentile par nombre de réponses
Votre historique - résultats
Vous n’avez pas pris ce quiz